Most common female names starting with R - Statistics

General Stats
  • This quiz has been taken 186 times
  • The average score is 28 of 100
Answer Stats
Hint Answer % Correct
2 Rachel
83%
1 Rebecca
74%
5 Rose
74%
13 Rosa
73%
9 Rita
65%
11 Riley
63%
27 Rosie
62%
8 Ruby
56%
62 Robert
54%
4 Ruth
54%
12 Roberta
53%
6 Rhonda
51%
22 Ramona
48%
37 Rena
48%
34 Ryan
47%
40 Rene
46%
21 Raquel
44%
10 Regina
44%
79 Roxann
41%
3 Robin
40%
26 Rochelle
40%
50 Reba
39%
7 Renee
39%
47 Rae
38%
24 Raven
38%
25 Reese
38%
20 Roxanne
38%
69 Rory
36%
92 Raya
35%
44 River
35%
15 Rachael
34%
81 Remy
34%
39 Remi
33%
29 Rachelle
32%
18 Reagan
32%
23 Rosalie
32%
14 Rosemary
32%
38 Rowan
32%
16 Rebekah
31%
91 Rihanna
31%
31 Ronda
31%
64 Raina
30%
17 Rylee
30%
61 Ruthie
29%
59 Robbie
28%
86 Roxie
28%
51 Rhea
27%
63 Roseann
27%
33 Randi
26%
72 Rhoda
26%
93 Ronnie
26%
46 Rhiannon
25%
41 Rosalind
25%
53 Rebeca
24%
55 Renata
24%
19 Robyn
24%
45 Regan
23%
57 Reina
23%
99 Rhianna
23%
84 Rosalia
23%
68 Rosanna
23%
43 Rosalyn
22%
36 Rylie
22%
65 Roxanna
21%
58 Rayna
20%
98 Roseanne
20%
77 Rubi
20%
89 Reign
19%
48 Raelyn
18%
66 Rosanne
18%
87 Rikki
17%
56 Rosetta
17%
32 Raelynn
15%
42 Reyna
15%
28 Ryleigh
15%
35 Raegan
14%
76 Remington
14%
30 Rosemarie
14%
70 Roxana
14%
94 Rylan
14%
82 Rayne
12%
85 Reva
12%
60 Roslyn
12%
71 Ryann
12%
78 Richelle
11%
49 Rosalinda
11%
67 Roselyn
10%
95 Richard
9%
54 Renae
8%
83 Rosalee
8%
74 Rosario
8%
96 Romina
7%
100 Reanna
6%
80 Robbin
6%
90 Royalty
6%
97 Riya
5%
73 Racheal
4%
75 Rivka
4%
88 Renita
1%
52 Rocio
0%
No matching quizzes found
Score Distribution
Percent of People with Each Score
Percentile by Number Answered
Your Score History
You have not taken this quiz